000
00331nam a2200121 a 4500
005
20140414131917.0
008
101020s19uu xx 00 eng d
050
_a
ER
_b
J49 1998
245
_a
Jessica and the sleepy flowers.
260
_a
Totowa, NJ :
_b
Grandreams,
_c
1998.
440
_a
An inspirational board book
999
_c
111546
_d
111546